000 01184nam a2200241Ia 4500
999 _c47158
_d47158
001 14016
003 GE_BSU
005 20221101111619.0
008 181216s1998||||ge |||||||||||||| ||geo||
020 _a9992851392
040 _cGE_BSU
041 _ageo
080 _a332.122+339.5 ფ-38
100 _aფეიქრიშვილი, მ.
_915682
245 _aსაქართველოში თავისუფალი ეკონომიკური ზონების შექმნის მნიშვნელობა საგარეო ვაჭრობის განვითარებაში /
_cმ. ფეიქრიშვილი; რედ: გ. გამსახურდია.
264 _aთბილისი:
_bმეცნიერება,
_c1998.
300 _a144 გვ.;
_b20 სმ.
541 _h5ლ.
653 _aეკონომიკა
653 _aთავისუფალი ეკონომიკური ზონების შექმნის მნიშვნელობა
700 _a გამსახურდია, გ.
_eრედაქტორი
_915683
942 _cBK
_2udc